Explorando y creando la matemática : actividades, ejercicios y situaciones problemáticas /

Guardado en:
Autor Principal: Oría de Chouhy Aguirre, Margarita
Otros Autores: Marmorato, Mariel Andrea
Formato: Libro
Publicado: Buenos Aires : Aula Abierta, 1992
Materias:
Etiquetas: Agregar Etiqueta
Sin Etiquetas, Sea el primero en etiquetar este registro!
LEADER 00752nam a22002055a 4500
001 CEM.cems007655
005 20100628120803.0
008 130507s1992##################000#0#####d
003 CEMS
020 |a 9879925084 
082 0 4 |a 372.7 
100 1 |a Oría de Chouhy Aguirre, Margarita 
245 1 0 |a Explorando y creando la matemática :  |b actividades, ejercicios y situaciones problemáticas /  |c María Margarita Oría de Chouhy Aguirre y Mariel Andrea Marmorato 
260 |a Buenos Aires :  |b Aula Abierta,  |c 1992 
300 |a 288 p. 
653 |a Didáctica de la matemática 
653 |a Matemática-educación primaria 
653 |a Matemática-ejercicios 
700 1 |a Marmorato, Mariel Andrea 
859 |a CEMS  |b BIB. CEMS - 11 de abril  |h 372.7  |i Or4  |p 17923.94  |t Ej.1